000 00278nam a2200109Ia 4500
008 231129s9999||||xx |||||||||||||| ||spa||
040 _bspa
082 _a190 G752
245 0 _aLas grandes corrientes del pensamiento contemporáneo. -
264 _aGuadarrama
942 _2ddc
_cBKS
999 _c18747
_d18747